Obchod & tradičné obchodné formáty

Saved in:
Bibliographic Details
Main Author: Orgonáš, Jozef, 1957-
Format: Book Chapter
Language:Slovak
Tags: Add Tag
No Tags, Be the first to tag this record!

MARC

LEADER 00000nla a2200000 4500
001 0233933
005 20240502083622.6
041 0 |a slo 
044 |a CZ 
245 1 0 |a Obchod & tradičné obchodné formáty  |c Jozef Orgonáš 
500 |a Prezentácia 
100 1 |a Orgonáš, Jozef, 1957-